Record Holding Roller Coasters - Statistics

General Stats
  • This quiz has been taken 39 times
    10 since last reset
  • The average score is 11 of 15
Answer Stats
Category Record Roller Coaster % Correct
Tallest Coaster 640 ft Falcons Flight
100%
Longest Coaster 13,943.6 ft Falcons Flight
100%
Biggest Drop 519 ft Falcons Flight
100%
Most Inversions 14 The Smiler
100%
Steepest Drop 121.5° TMNT Shellraiser
100%
Fastest Coaster 155.3 mph Falcons Flight
86%
Tallest Inversion 239.5 ft Spitfire
86%
Fastest Acceleration 0 - 80 in 1.8 s Stealth
86%
Most Airtime 27.2 Seconds Steel Vengeance
86%
Tallest Wood Coaster 183.8 ft T Express | Wildfire
71%
Longest Wood Coaster 7,361 ft The Beast
71%
Tallest Vertical Loop 139.5 ft Flash | Hyper Coaster
57%
Most Expensive Coaster $500 Million Guardians of the Galaxy: Cosmic Rewind
57%
Oldest Operating Coaster Since 1912 Scenic Railway
29%
Fastest Wood Coaster 72 mph Goliath
14%
No matching quizzes found
Score Distribution
Percent of People with Each Score
Percentile by Number Answered
Your Score History
You have not taken this quiz since the last reset